000 00317nam a2200145Ia 4500
100 _aPrata/Stephen
942 _cBK
654 _aunix
245 _aAdvanced UNIX : A programmers Guide
260 _bBPB Publications
_aNew Delhi
_c1986
082 _a5.13
_bPRA
300 _a484
546 _aENGLISH
999 _c28951
_d28951